00450nam a2200157Ia 4500001001000000003000500010008004100015010001100056040000900067100001700076245005000093260006200143300000900205440004200214650003600256Para_5153CHAP220125s1949 xx 000 0 und d a203522 cCHAP aParris, G. K aCucurbit mildews in Florida /c G. K. Parris aGainesville, Florida :b Agricultural Experiment Station a6 p. aFlorida Agri. Exp. Sta. circular; S-1 aCucurbitáceas x Enfermedades